000 00393nam a22001697a 4500
003 MPLRDC
005 20220104142411.0
008 210129b ||||| |||| 00| 0 eng d
082 _a868.71 BD-5
100 _a碧澄
245 _a让火把继续燃烧
_c
250 _a初版
260 _a
_b雅景出版社
_c1988
300 _b
650 _a马华文学
942 _cBK
_o868.71 BD-5
999 _c30594
_d30584